| 000 | 00440nam a2200169Ia 4500 | ||
|---|---|---|---|
| 008 | 240729s9999 xx 000 0 und d | ||
| 022 | _a1432-0576 | ||
| 245 | 0 | _aAnnales Geophysicae | |
| 260 | _aGermany | ||
| 260 | _bCopernicus Publications | ||
| 650 | _a Geophysics. Cosmic physics | ||
| 650 | _a Physics | ||
| 650 | _aScience | ||
| 856 | _uhttps://doaj.org/toc/c8d09e29c8de4cb681da8e3d1fe5af58 | ||
| 942 | _2ddc | ||
| 942 | _cDOAJEJ | ||
| 999 |
_c68362 _d68362 |
||
| 945 |
_a1 _bMadushi Gamage _c1 _dMadushi Gamage |
||